01449 2200421 4500001002100000005001500021035002000036007000300056008004100059020002200100040002200122082001500144084001700159090002200176100003200198245022800230250003400458300002500492650002100517700003000538700003100568700003500599700002900634700002800663700002600691700002800717700002900745700003100774700002700805850001200832504003200844264003300876336002100909337003000930338002300960999002200983990002201005INLIS00000000087160220220805113807 a0010-0822000207ta220805s2022 yoi g e ind d a978-623-5704-12-8 aYOPDYOGbinderda04223a808.84 a808.84 ALI j aCB-D.11 2022-04870 aAli Akbard1976-epengarang10aJejak literasi para pengabdi :bguru SMA negeri 1 Puding /cAli Akbar, Arief Zulkipli, Ariyoga Pratama, Ricky Azrofi Samara, Nurul Badriah, Erma Suriany, Suryansyah, Very Alakram, Yenny Sumanti, Desi Ariningrum, Hardiansyah aCetakan pertama, Januari 2022 a222 halaman ;c21 cm 4aEsai--xKumpulan0 aArief Zulkipliepengarang0 aAriyoga Pratamaepengarang0 aRicky Azrofi Samaraepengarang0 aNurul Badriahepengarang0 aErma Surianyepengarang0 aSuryansyahepengarang0 aVery Alakramepengarang0 aYenny Sumantiepengarang0 aDesi Ariningrumepengarang0 aHardiansyahepengarang aYOPDYOG aBibliografi halaman 206-20731aSleman :bCitra Airiz,c2022 2rdacontentateks 2rdamediaatanpa perantara 2rdacarrieravolume aCB-D.11/2022-0487 aCB-D.11/2022-0487